| 000 | 00741nam a2200217 a 4500 | ||
|---|---|---|---|
| 001 | 000017599 | ||
| 005 | 20200929165150.0 | ||
| 008 | 100329s1986 mx 000 0 spa d | ||
| 020 | _a9688800244 | ||
| 040 |
_aDO-SdBNP _bspa _cBNPHU |
||
| 082 |
_axxxx _bT532i |
||
| 100 | 1 |
_aThuesen, H. G. _938379 |
|
| 245 | 1 | 0 |
_aIngeniería económica / _cH. G. Thuesen, W. J. Fabrycky y G. J. Thuesen ; traducción Alberto León Betancourt. |
| 260 |
_aMéxico : _bPrentice Hall, _c1986. |
||
| 300 |
_axiii, 592 p. ; _c23 cm. |
||
| 504 | _aIncluye referencias bibliográficas y notas al pie de las páginas | ||
| 700 | 1 |
_aFabrycky, W. J. _938380 |
|
| 700 | 1 |
_aThuesen, G. J. _938381 |
|
| 700 | 1 |
_aLeón Betancourt, Alberto, _etr. _938382 |
|
| 049 | _aBNPD | ||
| 999 |
_c17124 _d17124 |
||